000 00479nam a2200181 a 4500
001 4855
003 CO-ViMGA
008 141112s2004 ck r 000 u spa d
040 _aCO-ViMGA
_bspa
_cCO-ViMGA
082 0 4 _a657 M455
100 1 _aMillán Puentes, Regulo
_949039
245 1 0 _aHistoria de la contaduría pública en colombia
250 _a2a
260 _aBogotá :
_b,
_c1990
300 _a382 p
650 1 4 _aCONTADURIA COLOMBIANA - HISTORIA
_93034
942 _2ddc
_cBK
999 _c16861
_d16861